000 00284nam a22001337a 4500
020 _a81-7176-255-7
082 _a823
245 _aJONCE MURZELLO
260 _aMUMBAI
_bPAULINE
300 _a24
520 _aENGLISH SHORT STORY
650 _aENGLISH SHORT STORY
_zMUMBAI
942 _cBK
999 _c5979
_d5979